| 000 | 00326 a2200109 4500 | ||
|---|---|---|---|
| 020 | _a978041541381 | ||
| 082 | _a624.15132 PAR | ||
| 100 | _aPariseau, William G. | ||
| 245 |
_aDesign Analysis in Rock Mechanics/ _cWilliam G. Pariseau |
||
| 260 |
_aLondon : _bTaylor and Francis Group, _c2006 |
||
| 300 |
_aix, 560p. : _bill. ; _c25 cm |
||
| 650 | _aRock Mechanics | ||
| 999 |
_c1035 _d1035 |
||